Responses for show #3488 - Wednesday, November 3, 1999

1999-B Teen Tournament quarterfinal game 3.

Contestants

Kristi Jones, a junior from Warsaw, Ohio

Miguel Dickson, a sophomore from Lexington, Kentucky

Brittan Heller, a senior from West Covina, California

Jeopardy! Round responses

ANCIENT HISTORY: THE 1970s
COMPUTERAMA
THE CIRCUS
POP QUIZ
FAMOUS NAMES
ANAGRAMMED COUNTRIES
    $100 2
Disco

Brittan
    $100 7
Frequently Asked Questions

Miguel
    $100 1
Fire eaters

Kristi
    $100 5
(B: Who are the Backstreet Boys?)

Spice Girls

BrittanKristi
    $100 3
Florence Nightingale

Brittan
    $100 12
Oman

Kristi
    $200 14
Soviet Union/USSR

Kristi
    $200 8
Menu

Miguel
    $200 17
Clowns

Kristi
    $200 6
Ricky Martin

Miguel
    $200 4
Janet Reno

Kristi
    $200 21
Norway

Triple Stumper
    $300 19
60 Minutes

Kristi
    $500 9
Java

Miguel
    $300 18
(M: Who are the Barnum Brothers?)

Ringling Brothers and Barnum & Bailey Circus

MiguelKristi
    $300 13
Madonna

Brittan
    $300 24
Charles Lindbergh

Miguel
    $300 22
Iceland

Kristi
    $400 20
Mother Teresa

Miguel
    $400 10
(M: Who is Hollerith?)

Babbage

Miguel
Triple Stumper
    $400 30
Tightrope

Miguel
    $400 15
"Smells Like Teen Spirit"

Kristi
    $400 27
John Philip Sousa

Kristi
    $400 25
Hungary

Miguel
    $500 23
Richard Nixon, Gerald Ford & Jimmy Carter

Brittan
    $500 11
Search engines

Brittan
    $500 29
Australia

Triple Stumper
    $500 16
Dawson's Creek

Brittan
    $500 28
Frederick Douglass

Brittan
    $500 26
Ecuador

Triple Stumper

Scores at the first commercial break (after clue 13):

Brittan Miguel Kristi
$900 $600 $500

Scores at the end of the Jeopardy! Round:

Brittan Miguel Kristi
$2,400 $1,800 $2,600

Double Jeopardy! Round responses

THE CLASSICS
SCOUTING BADGES
RAGING HORMONES
THE 10 COMMANDMENTS
NEXT IN LINE, PLEASE
BAD NEWS
    $200 1
Lewis Carroll

Brittan
    $200 20
First aid

Brittan
    $200 2
Insulin

Brittan
    $200 3
Idol/image

Brittan
    $200 11
Al Gore

Miguel
    $200 4
Famine

Kristi
    $400 5
Wardrobe

Brittan
    $400 23
Camping

Brittan
    $400 16
Adrenaline

Kristi
    $400 8
The Lord's name

Miguel
    $400 12
Cancer

Kristi
    $400 17
eBay

Brittan
    $600 6
S.E. Hinton

Triple Stumper
    $600 24
Shadow

Kristi
    $600 21
(B: What is iron?)

Calcium

BrittanMiguel
    $600 10
6

Brittan
    $600 13
(B: What is Revelation?)

Acts

Brittan
Triple Stumper
    $1,000 18
Tidal waves/tsunami

Brittan
    $800 7
Captain Nemo

Brittan
    $800 26
Cookies

Brittan
    $1,200 28
(B: What is the gall bladder?)

Stomach

Brittan
    $800 22
Stealing

Brittan
    $800 14
Cinq

Kristi
    $800 19
Dumping hazardous waste at sea

Triple Stumper
    $1000 9
(B: What is "Black Beauty?")

"The Black Stallion"

Brittan
Triple Stumper
    $1000 27
(B: What is a raft?)
(K: What is a kayak?)

Canoe

BrittanKristi
Triple Stumper
    $1000 30
Testosterone

Miguel
    $1000 29
Covet

Kristi
    $1000 15
12 drummers drumming

Triple Stumper
    $1000 25
Ebola virus

Triple Stumper

Scores at the end of the Double Jeopardy! Round:

Brittan Miguel Kristi
$4,000 $4,000 $5,000

Final Jeopardy! Round responses

ADVERTISING
MiguelWho are Snap, Crackle and Pop?
$0
BrittanWho are Snap, Crackle and Pop
$3,999
KristiWho are Snap, Krackle, and Pop?
$1,500
Snap, Crackle & Pop (from Rice Krispies)

Final scores:

Brittan Miguel Kristi
$7,999 $4,000 $6,500
Automatic semifinalist 3rd place: $2,500 if eliminated 2nd place: $2,500 if eliminated

Game dynamics:

Coryat scores:

Brittan Miguel Kristi
$4,800 $3,800 $5,000
19 R
(including 1 DD),
6 W
(including 1 DD)
12 R
(including 1 DD),
2 W
17 R,
1 W

Combined Coryat: $13,600

The J! Archive is created by fans, for fans. The Jeopardy! game show and all elements thereof, including but not limited to copyright and trademark thereto, are the property of Jeopardy Productions, Inc. and are protected under law. This website is not affiliated with, sponsored by, or operated by Jeopardy Productions, Inc. Join the discussion at JBoard.tv.